[Event "Platense-ch"]
[Site "La Plata"]
[Date "2018.01.15"]
[Round "9"]
[White "Tries, Ivan"]
[Black "Perez Grizia, Jorge Adrian"]
[Result "1-0"]
[WhiteElo "1785"]
[BlackElo "1919"]
[PlyCount "133"]
[EventDate "2018.01.03"]
[EventType "swiss"]
[EventRounds "9"]
[EventCountry "ARG"]
[SourceTitle "EXT 2019"]
[Source "ChessBase"]
[SourceDate "2018.10.10"]
[SourceVersion "1"]
[SourceVersionDate "2018.10.10"]
[SourceQuality "1"]

1. e4 c6 2. d4 d5 3. exd5 cxd5 4. c4 Nc6 5. Be3 Nf6 6. Nc3 e6 7. c5 Be7 8. Nf3 Bd7 9. a3 0-0 10. Be2 Ng4 11. Bf4 f5 12. h3 Nf6 13. Ne5 Ne4 14. Nxd7 Qxd7 15. Bb5 Bf6 16. Bxc6 bxc6 17. 0-0 g6 18. Ne2 Qg7 19. f3 Ng5 20. Qa4 Qb7 21. Rab1 Nf7 22. b4 a6 23. Rbd1 g5 24. Bg3 f4 25. Bf2 Qb5 26. Nc3 Qb7 27. Rfe1 Rae8 28. Qc2 Nh6 29. Qd2 Nf5 30. Re2 Re7 31. Rde1 Rfe8 32. Na4 h5 33. h4 Qc7 34. hxg5 Bxg5 35. Qd3 Bf6 36. Nb6 Kf7 37. Kf1 h4 38. a4 Qb7 39. Rb1 h3 40. gxh3 Rh8 41. Ke1 Rxh3 42. Kd2 Qb8 43. Rg1 Qh8 44. Rg4 Qh6 45. Nc8 Rd7 46. b5 axb5 47. axb5 cxb5 48. Qxb5 Rc7 49. Nd6+ Nxd6 50. cxd6 Ra7 51. Qb8 Ra2+ 52. Kc3 Rxf3+ 53. Kb4 Rb2+ 54. Rxb2 Bxd4 55. Qg8+ Kf6 56. Bxd4+ e5 57. d7 Kf5 58. d8Q Ke4 59. Qg6+ Qxg6 60. Rxg6 Kxd4 61. Qb6+ Ke4 62. Re2+ Re3 63. Rgg2 Kf3 64. Qg6 Re4+ 65. Kc5 Rc4+ 66. Kd6 Rc6+ 67. Kxc6 1-0

[Event "Platense-ch"]
[Site "La Plata"]
[Date "2018.01.06"]
[Round "3"]
[White "Martinez, Franco1111"]
[Black "Perez Grizia, Jorge Adrian"]
[Result "1-0"]
[WhiteElo "1753"]
[BlackElo "1919"]
[PlyCount "116"]
[EventDate "2018.01.03"]
[EventType "swiss"]
[EventRounds "9"]
[EventCountry "ARG"]
[SourceTitle "EXT 2019"]
[Source "ChessBase"]
[SourceDate "2018.10.10"]
[SourceVersion "1"]
[SourceVersionDate "2018.10.10"]
[SourceQuality "1"]

1. d4 Nf6 2. c4 e6 3. Nf3 d5 4. Bg5 c6 5. Nbd2 h6 6. Bh4 Nbd7 7. e3 g5 8. Bg3 Be7 9. c5 Nh5 10. Be5 f6 11. Bd3 Nf8 12. Qc2 Rg8 13. g4 Ng7 14. Bg3 Kd7 15. b4 a6 16. a4 h5 17. h3 Rh8 18. Rg1 h4 19. Bh2 Qe8 20. Rb1 Bd8 21. b5 axb5 22. axb5 Ke7 23. b6 Kf7 24. Ke2 Kg8 25. Ra1 Rxa1 26. Rxa1 f5 27. Ra8 fxg4 28. hxg4 Bf6 29. Ne5 Bxe5 30. Bxe5 Rh6 31. Nf1 h3 32. Nh2 Kf7 33. Qa4 Nd7 34. Bd6 e5 35. Ba6 Rxd6 36. Bxb7 exd4 37. cxd6 d3+ 38. Kd2 Nxb6 39. Rxc8 Nxa4 40. Rxe8 Nc5 41. Re7+ Kf6 42. Bxc6 Ne4+ 43. Rxe4 dxe4 44. Bxe4 Ke6 45. Bxd3 Kxd6 46. Bf1 Ke5 47. Bxh3 Kf6 48. Kd3 Ne6 49. Bg2 Nc5+ 50. Kc4 Nd7 51. f4 Nb6+ 52. Kd4 Nd7 53. Nf3 gxf4 54. exf4 Kg7 55. Ne5 Nf6 56. g5 Nh5 57. f5 Ng3 58. f6+ Kh8 1-0

[Event "La Plata Maderna Memorial"]
[Site "La Plata"]
[Date "2016.06.21"]
[Round "3.11"]
[White "Coronel, Nestor"]
[Black "Perez Grizia, Jorge Adrian"]
[Result "1/2-1/2"]
[WhiteElo "1584"]
[BlackElo "1936"]
[PlyCount "35"]
[EventDate "2016.06.14"]
[EventType "swiss"]
[EventRounds "7"]
[EventCountry "ARG"]
[SourceTitle "EXT 2024"]
[Source "ChessBase"]
[SourceDate "2023.10.10"]
[SourceVersion "1"]
[SourceVersionDate "2023.10.10"]
[SourceQuality "1"]

1. e4 d5 2. exd5 Qxd5 3. Nc3 Qa5 4. d4 Nf6 5. Nf3 Ne4 6. Qd3 Nxc3 7. Bd2 Bf5 8. Bxc3 Bxd3 9. Bxa5 Bxf1 10. Rxf1 b6 11. Bd2 e6 12. 0-0-0 Bd6 13. h4 Nd7 14. Ng5 Nf6 15. f3 Bg3 16. Be1 Bf4+ 17. Bd2 Bg3 18. Be1 1/2-1/2